banner-ar

اسماعيل مظهر : (Record no. 65745)

MARC details
000 -الفاتح
حقل البيانات ثابتة الطول 00836nam a22002297a 4500
005 - وقت وتاريخ اخر تعامل مع التسجيلة
رقم الضبط 20240530110841.0
008 - عناصر البيانات ثابتة الطول - معلومات عامة
حقل البيانات ثابتة الطول 200912s2018 ua a g b 000 0dara d
017 ## - رقم الايداع القانونى
رقم الايداع القانونى 2018/13936
المصدر ( الهيئة المختصة) مصر. دار الكتب
020 ## - الرقم الدولى المعيارى للكتب
الرقم الدولى المعيارى للكتاب 9789779118642
040 ## - مصدر الفهرسة
وكالة الفهرسة الأصلية EG-CaGPL
وكالة النسخ EG-CaGPL
082 04 - رقم تصنيف ديوى العشرى
رقم الطبعة 21
رقم التصنيف 923.2
رقم المادة ق/أ إ
100 0# - المدخل الرئيسى - إسم شخصى
الإسم الشخصى احمد صلاح الملا
245 00 - بيان العنوان
العنوان اسماعيل مظهر :
بقية العنوان جدل العلم والدين والحرية /
بيان المسئوليه,etc احمد صلاح الملا
250 ## - بيان الطبعة
بيان الطبعة ط.1
260 ## - PUBLICATION, DISTRIBUTION, ETC. (IMPRINT)
تاريخ النشر أو التوزيع 2018
300 ## - الوصف المادى
التعداد 295 ص. ؛
أبعاد الوعاء 24 سم.
490 0# - بيان السلسلة
عنوان السلسلة تاريخ المصريين ؛
رقم المجلد/ التعيين التسلسلي 312
600 0# - المدخل الاضافى بالموضوع-اسم شخصى
الإسم الشخصى اسماعيل مظهر
650 07 - المدخل الاضافى بالموضوع-مصطلح موضوعى
مصطلح موضوعي العلماء المصريون
942 ## - عناصر المدخل الإضافي( كوها)
مصدر التصنيف او مخطط الترفيف Dewey Decimal Classification
Koha [default] item type كتاب
260 ## - PUBLICATION, DISTRIBUTION, ETC. (IMPRINT)
-- القاهرة :
-- الهيئة المصرية العامة للكتاب،
Holdings
حالة التراجع حالة الفقد حالة تلف ليس للاعارة المكان المؤقت الموقع الحالى موقع الترفيف تاريخ الاكتساب اجمالي اﻻعارات رقم الطلب الباركود تاريخ اخر مشاهدة تاريخ تفعيل السعر نوع وعاء كوها
        مكتبة القاهرة الكبرى مكتبة القاهرة الكبرى   09/12/2020   923.2 ق/أ إ 166866 09/12/2020 09/12/2020 كتاب

Powered By

EGPV